Datum a čas kvízu
31.5
Celkem bodů
Celkový počet nahraných bodů na tomto kvízu bez doplňovacích otázek.
4.
Pořadí na kvízu
Konečné umístění týmu na tomto kvízu.
Zaznamenané odpovědi
| # | Otázka | Odpověď | Body | Výsledky |
|---|---|---|---|---|
| 1. | Prezident Pavel si při své dvo... | TON | 0 | |
| 2. | Parlament jednoho evropského s... | Spojené království (Velká Británie) | 1 | |
| 3. | Ve čtvrtek proběhlo předávání... | Hella, Alena Machoninová | 0.5 | |
| 4. | Abstraktní obraz Conception/Da... | František Kupka | 1 | |
| 5. | Při závodě třídy Moto3 ve Velk... | snažil se nastartovat soupeřovu motorku | 1 | |
| 6. | Jihoafrická republika má de fa... | Kapské město; Bloemfontein | 0.5 | |
| 7. | Které evropské hlavní město se... | Oslo | 1 | |
| 8. | Nyní vám dáme na výběr, zda si... | Windhoek; Manila | 1 | |
| 9. | Které malebné hlavní město lež... | Tallinn | 0 | |
| 10. | Kazachstán drží rekord v přejm... | Astana; Nur-Sultan | 1 |